| 000 | 00728nac a22002051u 4500 | ||
|---|---|---|---|
| 010 | _a 2007926087 | ||
| 020 | _a9780750685122 : | ||
| 082 |
_a620.00420 _bYAR |
||
| 090 |
_c8360 _d8360 |
||
| 100 | _aYarwood, Alf. | ||
| 245 | 1 | 0 |
_aIntroduction to autocad 2008 : 2D and 3D design / _b2D and 3D design / _cAlf Yarwood. |
| 260 |
_aLondon : _bElsevier,2007. _cc2007. |
||
| 300 |
_axii, 358 p. _bill.; [ som col. ] _c24cm. |
||
| 500 | _aIncludes index. | ||
| 500 | _aDistributer: Al-Ahram | ||
| 511 | _aCatalogued by: Sara | ||
| 650 | _aComputer graphics. | ||
| 942 |
_cBB _k620.00420YAR |
||
| 999 |
_c8360 _d8360 |
||